<?xml version="1.0" encoding="UTF-8"?><?xml-stylesheet type="text/xsl" href="static/style.xsl"?><OAI-PMH xmlns="http://www.openarchives.org/OAI/2.0/" xmlns:xsi="http://www.w3.org/2001/XMLSchema-instance" xsi:schemaLocation="http://www.openarchives.org/OAI/2.0/ http://www.openarchives.org/OAI/2.0/OAI-PMH.xsd"><responseDate>2026-04-13T00:51:16Z</responseDate><request verb="GetRecord" identifier="oai:www.recercat.cat:2072/479095" metadataPrefix="marc">https://recercat.cat/oai/request</request><GetRecord><record><header><identifier>oai:recercat.cat:2072/479095</identifier><datestamp>2025-07-29T23:31:21Z</datestamp><setSpec>com_2072_98</setSpec><setSpec>col_2072_378192</setSpec></header><metadata><record xmlns="http://www.loc.gov/MARC21/slim" xmlns:dcterms="http://purl.org/dc/terms/" xmlns:xsi="http://www.w3.org/2001/XMLSchema-instance" xmlns:doc="http://www.lyncode.com/xoai" xsi:schemaLocation="http://www.loc.gov/MARC21/slim http://www.loc.gov/standards/marcxml/schema/MARC21slim.xsd">
   <leader>00925njm 22002777a 4500</leader>
   <datafield ind2=" " ind1=" " tag="042">
      <subfield code="a">dc</subfield>
   </datafield>
   <datafield ind2=" " ind1=" " tag="720">
      <subfield code="a">Prat Sabater, Marta</subfield>
      <subfield code="e">author</subfield>
   </datafield>
   <datafield ind2=" " ind1=" " tag="260">
      <subfield code="c">2019</subfield>
   </datafield>
   <datafield ind2=" " ind1=" " tag="520">
      <subfield code="a">El objetivo de este artículo consiste en realizar un análisis contrastivo entre español y catalán sobre el uso del sufijo -ing de procedencia inglesa. Para ello, se compara, en primer lugar, la mayor o menor aceptabilidad de anglicismos con esta terminación en los diccionarios normativos y de uso de ambas lenguas románicas. En segundo lugar, se demuestra que, además de tratarse de un morfema derivativo que forma parte de importaciones léxicas, posee un valor productivo en la creación o aceptación de nuevas palabras con esta terminación. Por último, la valoración de su presencia en el contexto lexicográfico sugiere constatar en futuros trabajos la vitalidad de este sufijo en el uso más espontáneo de las lenguas española y catalana.</subfield>
   </datafield>
   <datafield ind2=" " ind1=" " tag="520">
      <subfield code="a">The objective of this article is to carry out a contrastive analysis between Spanish and Catalan on the use of the English suffix -ing. For this purpose, the greater or lesser acceptability of anglicisms is compared, first, with this word ending in the normative and use dictionaries of both Romance languages. Secondly, it is shown that, besides being a derivative morpheme which is part of lexical imports, it has a productive value in the creation or acceptance of new words with this ending. Finally, the assessment of its presence in the lexicographical context suggests that future researches will verify the vitality of this suffix in the most spontaneous use of the Spanish and Catalan languages.</subfield>
   </datafield>
   <datafield tag="653" ind2=" " ind1=" ">
      <subfield code="a">Lexicology</subfield>
   </datafield>
   <datafield tag="653" ind2=" " ind1=" ">
      <subfield code="a">Lexicography</subfield>
   </datafield>
   <datafield tag="653" ind2=" " ind1=" ">
      <subfield code="a">Derivation</subfield>
   </datafield>
   <datafield tag="653" ind2=" " ind1=" ">
      <subfield code="a">Anglicisms</subfield>
   </datafield>
   <datafield tag="653" ind2=" " ind1=" ">
      <subfield code="a">Lexicología</subfield>
   </datafield>
   <datafield tag="653" ind2=" " ind1=" ">
      <subfield code="a">Lexicografía</subfield>
   </datafield>
   <datafield tag="653" ind2=" " ind1=" ">
      <subfield code="a">Derivación</subfield>
   </datafield>
   <datafield tag="653" ind2=" " ind1=" ">
      <subfield code="a">Anglicismos</subfield>
   </datafield>
   <datafield ind2="0" ind1="0" tag="245">
      <subfield code="a">El sufijo «-ing» en español y catalán : análisis contrastivo desde la perspectiva lexicográfica</subfield>
   </datafield>
</record></metadata></record></GetRecord></OAI-PMH>